| 000 | 00687cab a2200217 4500 | ||
|---|---|---|---|
| 001 | ##L133084 | ||
| 008 | 060410n2006 000 0 eng u | ||
| 035 | _a(Sirsi) u133084 | ||
| 041 | 0 | _aeng | |
| 100 | 1 | _aHipwell, Deirdre | |
| 245 | 0 | 0 |
_aHampshire, Dorset and south Wiltshire _bregional |
| 260 | _c2006 | ||
| 490 | 0 |
_aProperty Week _v71(14) 7 April 2006, 71-90(9) |
|
| 520 | _aLooks at Castlepoint retail park in Bournemouth; and office market developments in Southampton and Portsmouth. | ||
| 590 | _aIKA110406 | ||
| 650 | 2 | 4 | _aBOURNEMOUTH |
| 650 | 2 | 4 | _aSOUTHAMPTON |
| 650 | 2 | 4 | _aPORTSMOUTH |
| 690 | _aPROPERTY-COMMERCIAL PROPERTY-COMMERCIAL PROPERTY MARKET | ||
| 942 | _n0 | ||
| 999 |
_c76794 _d76794 |
||